000 00257nam a22001097a 4500
008 170124b xxu||||| |||| 00| 0 eng d
020 _a9780801606137
041 _aeng
080 _22ND
_a618.2
245 _aPEDIATRIC NURSING REFERENCE
_cBETZ
942 _2udc
_cBK
999 _c3538
_d3538